• 首页
  • 本馆介绍
  • 公告通知
  • 最新文献
  • 馆藏检索
  • 电子资源
  • 读者导购
  • 参考咨询
  • 我的图书馆
  • 登录
  • 详细信息显示
  • 放入我的书架
  • 预约/预借图书
  • 作者相关作品
  • 分类相关作品
  • 丛书相关作品
  • 出版社相关作品

书目信息

  • 表格格式
  • 工作单格式
  • 卡片格式
题名:
卢梭全集
    
 
作者: 卢梭 著 ;李平沤 译
分册: 第4卷   社会契约论 论人与人之间不平等的起因和基础 论科学与艺术的复兴是否有助于使风俗日趋纯朴及其他
出版信息: 北京   商务印书馆  2012.06
页数: 435页
开本: 24cm
丛书名:
单 册:
中图分类: B565.26-52
科图分类:
主题词:
电子资源:
ISBN: 978-7-100-09156-5
000 01886nam0 2200301 450
001 005570388
005 20130426102801.14
010    @a978-7-100-09156-5@b精装@dCNY108.00
100    @a20120926d2012 em y0chiy50 ea
101 1  @achi@cfre
102    @aCN@b110000
105    @ac z 000yy
106    @ar
200 1  @a卢梭全集@9lu suo quan ji@h第4卷@i社会契约论 论人与人之间不平等的起因和基础 论科学与艺术的复兴是否有助于使风俗日趋纯朴及其他@f李平沤译@f李平沤译
210    @a北京@c商务印书馆@d2012.06
215    @a435页@c肖像@d24cm
305    @a社会契约论根据嘉尼埃-弗拉玛尼翁出版社1966年版译出 论人与人之间不平等的起因和基础根据伽里玛出版社1985年版译出 论科学与艺术的复兴是否有助于使风俗日趋纯朴及其他根据伽里玛出版社1985年版译出
305    @a《社会契约论》根据嘉尼埃-弗拉玛尼翁出版社1966年版译出 《论人与人之间不平等的起因和基础》和《论科学与艺术的复兴是否有助于使风俗日趋纯朴》根据伽里玛出版社1985年版译出
312    @a书内法文题名:Jean-Jacques Rousseau du contrat social ou principes du deroit politique discours sur l'origine et les fondements de l'inegalite parmi les hommes si le retablissement des sciences et des arts a contribue a epurer les mceurs
330    @a本书内容包括:社会契约论、论人与人之间不平等的起因和基础、论科学与艺术的复兴是否有助于使风俗日趋纯朴、《纳尔西斯》序言。
510 1  @aJean-Jacques Rousseau@iDu contrat social ou principes du deroit politique discours sur l'origine et les fondements de l'inegalite parmi les hommes si le retablissement des sciences et des arts a contribue a epurer les mceurs@zfre
600  0 @a卢梭@c(Rousseau, Jean Jacques@f1712-1778)@j全集
600  0 @a卢梭@c(Rousseau, Jean Jacques@f1712-1778)
690    @aB565.26-52@v5
701  0 @c(法)@a卢梭@9lu suo@c(Rousseau, Jean-Jacques@f1712-1778)@4著
702  0 @a李平沤@9li ping ou@4译
801  0 @aCN@bNLC@c20120926
905    @b542305-07@dB565.26-52@e60:4@f3
    
    卢梭全集.第4卷.社会契约论 论人与人之间不平等的起因和基础 论科学与艺术的复兴是否有助于使风俗日趋纯朴及其他/李平沤译/李平沤译.-北京:商务印书馆,2012.06
    435页:肖像;24cm
    
    
    ISBN 978-7-100-09156-5(精装):CNY108.00
    本书内容包括:社会契约论、论人与人之间不平等的起因和基础、论科学与艺术的复兴是否有助于使风俗日趋纯朴、《纳尔西斯》序言。
●
相关链接 在E读中查询图书 在五车中查询图书 在当当中查询图书 在豆瓣中查询图书


正题名:卢梭全集     索取号:B565.26-52/60:4         预约/预借

序号 登录号 条形码 馆藏地/架位号 状态 备注
1 542305   205423059   第一样本阅览室/ [索取号:B565.26-52/60:4] 在馆    
2 542306   205423068   第一借阅区/ [索取号:B565.26-52/60:4] 在馆    
3 542307   205423077   第一借阅区/ [索取号:B565.26-52/60:4] 在馆    
唐山师范学院图书馆 欢迎您!
大连网信软件有限公司© 版权所有